• 首页
  • 本馆介绍
  • 公告通知
  • 最新文献
  • 馆藏检索
  • 电子资源
  • 读者导购
  • 参考咨询
  • 我的图书馆
  • 登录
  • 详细信息显示
  • 放入我的书架
  • 预约/预借图书
  • 作者相关作品
  • 分类相关作品
  • 丛书相关作品
  • 出版社相关作品

书目信息

  • 表格格式
  • 工作单格式
  • 卡片格式
题名:
最新音乐心理学荟萃
    
 
作者: 罗小平 , 黄虹 编译
分册:  
出版信息: 北京   中国文联出版公司  1995
页数: 278页
开本: 19cm
丛书名:
单 册:
中图分类: J60-05
科图分类:
主题词: 音乐--关系
电子资源:
ISBN: 7-5059-1394-8
000 00624nam0 2200217 45
001 0197009195
005 20050421142625.1
010    @a7-5059-1394-8@dCNY9.80
100    @a19970402d1995 kemy0chiy0121 ea
101 1  @achi
102    @aCN@b110000
105    @ay z 000yy
200 10 @a最新音乐心理学荟萃@Azui xin yin yue xin li xue hui cui@f罗小平,黄虹编译@FLuo Xiao Ping,Huang Hong Bian Yi
210    @a北京@c中国文联出版公司@d1995
215    @a278页@d19cm
606    @a音乐@x关系
690    @aJ60-05@v3
701  0 @a罗小平@4编译
701  0 @a黄虹@4编译
801  0 @aCN@bNLC@c19970508
905    @dJ60-05@e121@f1@b271062
    
    最新音乐心理学荟萃/罗小平,黄虹编译.-北京:中国文联出版公司,1995
    278页;19cm
    
    
    ISBN 7-5059-1394-8:CNY9.80
    
●
相关链接 在E读中查询图书 在五车中查询图书 在当当中查询图书 在豆瓣中查询图书


正题名:最新音乐心理学荟萃     索取号:J60-05/121         预约/预借

序号 登录号 条形码 馆藏地/架位号 状态 备注
1 0271062   002038388   第一借阅区/ [索取号:J60-05/121] 在馆    
2 0271063   001208703   第一借阅区/ [索取号:J60-05/121] 在馆    
3 0271064   001208696   第一样本阅览室/ [索取号:J60-05/121] 在馆    
唐山师范学院图书馆 欢迎您!
大连网信软件有限公司© 版权所有